Fundamentals of anatomy and physiology.(2nd ed.) (Record no. 63884)

MARC details
000 -LEADER
fixed length control field 00903nam a2200205 a 4500
008 - FIXED-LENGTH DATA ELEMENTS--GENERAL INFORMATION
fixed length control field 150817s1992 ||||||||||||||||| || u
020 ## - INTERNATIONAL STANDARD BOOK NUMBER
International Standard Book Number 9780133449952
050 ## - LIBRARY OF CONGRESS CALL NUMBER
Classification number QP 34.5 Mar
100 ## - MAIN ENTRY--PERSONAL NAME
Personal name Martini, Frederic
245 10 - TITLE STATEMENT
Title Fundamentals of anatomy and physiology.(2nd ed.)
Statement of responsibility, etc. by Frederic Martini
250 ## - EDITION STATEMENT
Edition statement 2nd ed.
260 ## - PUBLICATION, DISTRIBUTION, ETC.
Place of publication, distribution, etc. Englewood Cliffs
Name of publisher, distributor, etc. Prentice Hall
Date of publication, distribution, etc. 1992
300 ## - PHYSICAL DESCRIPTION
Extent ix, 701p. :ill.
350 ## -
-- 1.52
650 ## - SUBJECT ADDED ENTRY--TOPICAL TERM
Topical term or geographic name entry element HUMAN PHYSIOLOGY--TEXTBOOK
650 ## - SUBJECT ADDED ENTRY--TOPICAL TERM
Topical term or geographic name entry element HUMAN ANATOMY--TEXTBOOKS
650 #0 - SUBJECT ADDED ENTRY--TOPICAL TERM
Topical term or geographic name entry element BIOLOGY
995 ## -
-- MEDICAL LIBRARY OPEN ACCESS
-- 903047
-- CBU-SCHOOL OF MEDICINE LIBRARY (Ndola)
-- 1.52
-- QP 34.5 Mar
-- 1
-- AVAILABLE
-- Sep 7, 2015
-- 903047
-- Medical Library Open Access Collection
995 ## -
-- MICHAEL CHILUFYA SATA OPEN ACCESS
-- 903048
-- CBU-SCHOOL OF MEDICINE LIBRARY (Ndola)
-- 1.52
-- QP 34.5 Mar
-- 2
-- AVAILABLE
-- Sep 7, 2015
-- 903048
-- Medical Library Open Access Collection
999 ## -
-- 63884
-- 63884
Holdings
Withdrawn status Lost status Source of classification or shelving scheme Damaged status Not for loan Permanent Location Current Location Shelving location Date acquired Total Checkouts Full call number Barcode Date last seen Copy number Price effective from Koha item type Date last checked out
          CBU-SCHOOL OF MEDICINE LIBRARY, NDOLA. CBU-SCHOOL OF MEDICINE LIBRARY, NDOLA.   02/01/2023   QP 34.5 Mar 903047 02/01/2023 1 02/01/2023 MONOGRAPH  
          CBU-MICHAEL CHILUFYA SATA LIBRARY CBU-SCHOOL OF MEDICINE LIBRARY, NDOLA.   02/01/2023 3 QP 34.5 Mar 903048 04/10/2026 2 02/01/2023 MONOGRAPH 10/01/2025